[Event "Werther Schloss op 20th"]
[Site "Werther"]
[Date "2014.04.11"]
[Round "2"]
[White "Bentel, Robin"]
[Black "Gutman, Lev"]
[Result "0-1"]
[WhiteElo "2027"]
[BlackElo "2449"]
[PlyCount "94"]
[EventDate "2014.04.10"]
[EventType "swiss"]
[EventRounds "7"]
[EventCountry "GER"]
[SourceTitle "CBM 159 Extra"]
[Source "ChessBase"]
[SourceDate "2014.04.24"]
[SourceVersion "1"]
[SourceVersionDate "2014.04.24"]
[SourceQuality "1"]

1. e4 g6 2. d4 Bg7 3. Nf3 c6 4. Nbd2 Nf6 5. Bd3 0-0 6. 0-0 d5 7. c3 a5 8. a4 Na6 9. Re1 Nc7 10. Qc2 Ne6 11. Nf1 c5 12. e5 Nd7 13. Ng5 Nb8 14. Nxe6 Bxe6 15. f4 cxd4 16. cxd4 Nc6 17. Qf2 Qb6 18. Be3 f6 19. exf6 Bxf6 20. Rad1 Bg4 21. Be2 Bxe2 22. Rxe2 e6 23. h4 Qb3 24. Rdd2 Rac8 25. h5 Ne7 26. hxg6 hxg6 27. Qg3 Kf7 28. Qe1 Rc6 29. Nh2 Rfc8 30. Rd1 Rc2 31. Ng4 Rxe2 32. Qxe2 Nf5 33. Rd3 Qxa4 34. Nxf6 Kxf6 35. Bf2 Qa1+ 36. Rd1 Rc1 37. Qe5+ Ke7 38. Rxc1 Qxc1+ 39. Kh2 Kd7 40. g4 Qxb2 41. Kg1 Qb1+ 42. Kg2 Nd6 43. Be1 a4 44. f5 gxf5 45. g5 Qe4+ 46. Qxe4 Nxe4 47. g6 Ke7 0-1

[Event "Werther Schloss op 20th"]
[Site "Werther"]
[Date "2014.04.10"]
[Round "1"]
[White "Vogt, Andreas"]
[Black "Bentel, Robin"]
[Result "0-1"]
[WhiteElo "2269"]
[BlackElo "2027"]
[PlyCount "90"]
[EventDate "2014.04.10"]
[EventType "swiss"]
[EventRounds "7"]
[EventCountry "GER"]
[SourceTitle "CBM 159 Extra"]
[Source "ChessBase"]
[SourceDate "2014.04.24"]
[SourceVersion "1"]
[SourceVersionDate "2014.04.24"]
[SourceQuality "1"]

1. Nf3 Nf6 2. c4 c5 3. Nc3 Nc6 4. d4 cxd4 5. Nxd4 g6 6. e4 d6 7. f3 Bg7 8. Be3 0-0 9. Qd2 Nxd4 10. Bxd4 Be6 11. Rc1 Qa5 12. Be2 Rfc8 13. b3 Nd7 14. Be3 a6 15. Nd5 Qxd2+ 16. Kxd2 Bxd5 17. cxd5 Bb2 18. Rxc8+ Rxc8 19. Rb1 Bc3+ 20. Kd1 Ba5 21. b4 Bb6 22. Bd2 Bd4 23. Rc1 Rxc1+ 24. Kxc1 Nb6 25. Kc2 Na4 26. f4 b5 27. Bg4 Nb6 28. Kd3 Bg1 29. h3 h5 30. Bf3 Kf8 31. Bc1 Bf2 32. g4 hxg4 33. hxg4 g5 34. e5 gxf4 35. Bxf4 Nc4 36. exd6 exd6 37. g5 Be1 38. a3 Ke7 39. Ke2 Bc3 40. Bc1 Bb2 41. Bxb2 Nxb2 42. Bg4 Nc4 43. Bc8 Nxa3 44. Bxa6 Nc2 45. Bxb5 Nd4+ 0-1

[Event "Lippe Cup A 9th"]
[Site "Lieme"]
[Date "2012.10.14"]
[Round "5"]
[White "Ringeltaube, Denny"]
[Black "Bentel, Robin"]
[Result "1/2-1/2"]
[WhiteElo "1764"]
[BlackElo "1957"]
[PlyCount "119"]
[EventDate "2012.10.12"]
[EventType "swiss"]
[EventRounds "5"]
[EventCountry "GER"]
[SourceTitle "EXT 2014"]
[Source "ChessBase"]
[SourceDate "2013.11.20"]
[SourceVersion "1"]
[SourceVersionDate "2013.11.20"]
[SourceQuality "1"]

1. d4 Nf6 2. Nf3 d5 3. e3 e6 4. Nbd2 Nbd7 5. Bd3 c5 6. c3 Be7 7. Qe2 0-0 8. 0-0 b6 9. Ne5 Nxe5 10. dxe5 Nd7 11. f4 g6 12. Nf3 Bb7 13. e4 c4 14. Bc2 Bc5+ 15. Kh1 dxe4 16. Bxe4 Bxe4 17. Qxe4 b5 18. Qe2 Nb6 19. Rd1 Qc7 20. Be3 Rfd8 21. Bxc5 Qxc5 22. Ng5 Nd5 23. Rd4 Rd7 24. Rf1 Rad8 25. Ne4 Qc6 26. Qe1 Kg7 27. Qh4 Ne3 28. Re1 Nc2 29. Rxd7 Qxd7 30. Nf6 Qd1 31. Qxh7+ Kf8 32. Qh8+ Ke7 33. Ng8+ Kf8 34. Nf6+ Ke7 35. Qe8+ Rxe8 36. Rxd1 Rd8 37. Rxd8 Kxd8 38. Kg1 Ne3 39. Kf2 Nd1+ 40. Ke2 Nxb2 41. g4 Na4 42. Kd2 Nc5 43. h4 Nd3 44. Ke3 Ke7 45. h5 gxh5 46. gxh5 a5 47. h6 Kf8 48. Ne4 b4 49. cxb4 axb4 50. Nd2 Nb2 51. Kd4 c3 52. Nb3 Kg8 53. Nc1 Kh7 54. Kc5 Kxh6 55. Kxb4 Kg6 56. Kxc3 Na4+ 57. Kb4 Nb6 58. Nd3 Kf5 59. Kc5 Na4+ 60. Kb4 1/2-1/2